000 00290nam a2200121Ia 4500
008 190216s9999||||xx |||||||||||||| ||und||
100 _aAgarwal Op
245 0 _aChemistry Of Organic Natural Products
260 _bGoel Pub House
_c1982
300 _a494p
650 _aChemistry
942 _cBK
999 _c2569
_d2569